5-Letter Countries by 3 Letters Quiz Stats

 Plays Quiz Updated Mar 27, 2016

Challenge
Share
Tweet
Embed
Score 0/24 Timer 04:00
4 Plays Today
Random Letters Country % Correct
QAAQatar
93.7%
KEYKenya
91%
GYTEgypt
90.7%
JANJapan
86%
CHAChina
85.7%
IDIIndia
76.7%
BNNBenin
70.2%
IBYLibya
67.2%
HITHaiti
62.9%
TOGTonga
61.9%
EPLNepal
60%
YIASyria
58.9%
Random Letters Country % Correct
CHEChile
55.9%
SMOSamoa
55.4%
MAAMalta
54.7%
TAYItaly
51.4%
URUNauru
49.9%
ALUPalau
49.6%
SINSpain
49%
EENYemen
47.5%
BONGabon
47.2%
IGENiger
46.5%
SUNSudan
43.3%
HAAGhana
36.4%

You're not logged in!

Compare scores with friends on all Sporcle quizzes.
Join for Free
OR
Log In

You Might Also Like...

Show Comments

Extras

Top Quizzes Today


Score Distribution

Your Account Isn't Verified!

In order to create a playlist on Sporcle, you need to verify the email address you used during registration. Go to your Sporcle Settings to finish the process.

Report this User

Report this user for behavior that violates our Community Guidelines.

Details: